000 00555nam a2200181 i 4500
001 49617
003 ES-MaACL
005 20230906162028.0
007 t|
008 030718s1970 sp ||||1| spa d
100 1 _aCostes, Jean.
_941153
245 1 0 _aMáquinas para movimiento de tierras /
_cJean Costes ; [traducida por José Mª Palomar Llovet].
250 _a[1ª ed.].
260 _aBarcelona :
_bEta,
_c1970.
300 _aXIV, 171 p. :
_bil. ;
_c19 cm.
700 1 _aPalomar Llovet, José María.
_988667
852 _aES-MaACL
_jC-46487
_bR.74531
999 _c49617
_d49617